000 00760nam a22002537a 4500
005 20250521160818.0
008 250521b |||||||| |||| 00| 0 eng d
037 _cTB
040 _aLCT
_cLCT
041 _2eng
_aeng
_heng
084 _aZ,75,15 Q19
100 _aMaqbool, Sahiba
_9809259
245 _aIndian Penal Code/
250 _a1st ed.
260 _aNew Delhi:
_bProlific Law Publication,
_c2019
300 _a226p.
650 _a Indian Penal Code
_9754948
650 _aCriminal Procedure Code
_9784564
650 _aIndian Evidence Act
_9784565
650 _aCriminal law
_9784566
650 _aCriminal law India
_9735012
650 _aLaw Commentaires
_9754949
942 _2CC
_cTB
_hZ,75,15 Q19
_n0
999 _c1428974
_d1428974